000 00691nam a2200277Ia 4500
003 OSt
005 20220912151545.0
006 a|||||r|||| 00| 0
007 ta
008 220909b |||||||| |||| 00| 0 eng d
024 _a56221
037 _cTextual
040 _aCSL
_beng
_cCSL
041 _aeng
082 _aJB, M4
100 _aStaff K A G
245 0 _aTree harvesting techniques
260 _aDordrecht
_bMartinus Nijhoff
_c1984
300 _a371p.
_ccm.
490 _aForesty sciences
650 _a Forestry
650 _aAgriculture
700 _a Wiksten N A
942 _hJB, M4
_cTEXL
_2CC
999 _c71267
_d71267